| 000 | 00840nam a22002417a 4500 | ||
|---|---|---|---|
| 003 | OSt | ||
| 005 | 20220107122859.0 | ||
| 008 | 200317b xxu||||| |||| 00| 0 eng d | ||
| 020 | _a9783319637419 | ||
| 040 | _cIIITMK | ||
| 082 | _a351 OJO/G | ||
| 100 |
_aOjo, Adegboyega (Eds.) _917884 |
||
| 245 |
_aGovernment 3.0 - Next generation government technology infrastructure and services: _bRoadmaps, enabling technologies & challenges _cAdegboyega Ojo |
||
| 260 |
_aSwitzerland, _bSpringer, _c2017. |
||
| 300 | _axviii, 363p. | ||
| 440 |
_aPublic administration and information technology _917885 |
||
| 650 |
_aE-GOVERNANCE _918150 |
||
| 650 |
_aPUBLIC ADMINISTRATION _918151 |
||
| 650 |
_aPUBLIC ADMINISTRATION AND INFORMATION TECHNOLOGY _918152 |
||
| 650 |
_aGOVERNMENT 3.0 _918153 |
||
| 700 |
_aMillard, Jeremy _917886 |
||
| 942 |
_2ddc _cBK |
||
| 999 |
_c6774 _d6774 |
||